00600nam a2200181 a 450000100060000000300090000600800410001504000280005608200170008410000290010124500560013026000760018630000100026265000370027265000450030965000270035465000370038110828CO-ViMGA141112s2004 ck r 000 u spa d aCO-ViMGAbspacCO-ViMGA04a320.986 N83a1 aMorales Benitez ; Otto, 10aNuevos Aportes de Uribe Uribe al pensamiento social aMedellín : bSecretaria de Educación y Cultura de Antioquia, c1995 a465p.14aCOLOMBIA - Política Y GOBIERNO14aDERECHO AGRARIO - LEGISLACION - COLOMBIA14aLIBERALISMO - COLOMBIA14aURIBE URIBE RAFAEL - 1859 - 1914